[Event "EU-ch 22nd"]
[Site "Terme Catez"]
[Date "2022.03.31"]
[Round "5"]
[White "Hommer, Jeremy"]
[Black "Henseler, Jorgen"]
[Result "1-0"]
[WhiteElo "2221"]
[BlackElo "2059"]
[PlyCount "77"]
[EventDate "2022.03.27"]
[EventType "swiss"]
[EventRounds "11"]
[EventCountry "SLO"]
[SourceTitle "CBM 208"]
[Source "ChessBase"]
[SourceDate "2022.06.30"]
[SourceVersion "1"]
[SourceVersionDate "2022.06.30"]
[SourceQuality "1"]

1. e4 c5 2. Nf3 d6 3. Bb5+ Nd7 4. 0-0 a6 5. Bd3 Ngf6 6. Re1 g6 7. c3 Bg7 8. Bf1 e5 9. d4 Qc7 10. dxe5 dxe5 11. a4 0-0 12. Na3 Nb8 13. h3 Nc6 14. Qc2 b6 15. Be3 Bb7 16. Nd2 Rac8 17. Nac4 Nd4 18. Qb1 Ne6 19. b4 Rfd8 20. Ra2 Bc6 21. bxc5 bxc5 22. Nb6 Rb8 23. a5 Nd7 24. Rb2 Nxb6 25. axb6 Qb7 26. f3 a5 27. Bc4 Nf4 28. Bxc5 Qc8 29. Qa2 Rb7 30. Qxa5 Bh6 31. Be3 Bd7 32. Ba6 Bxh3 33. Bxb7 Qe6 34. Bd5 Qf6 35. b7 Rb8 36. Qc7 Qg5 37. Qxb8+ Kg7 38. Qxe5+ Qxe5 39. Bd4 1-0

[Event "Leiden SB-ch 1819"]
[Site "Leiden"]
[Date "2018.12.07"]
[Round "3"]
[White "Henseler, Jorgen"]
[Black "Van Haastert, Edwin"]
[Result "0-1"]
[WhiteElo "2017"]
[BlackElo "2438"]
[PlyCount "50"]
[EventDate "2018.10.19"]
[EventType "swiss"]
[EventRounds "9"]
[EventCountry "NED"]
[SourceTitle "EXT 2023"]
[Source "ChessBase"]
[SourceDate "2022.10.05"]
[SourceVersion "1"]
[SourceVersionDate "2022.10.05"]
[SourceQuality "1"]

1. e4 d6 2. d4 Nf6 3. Nc3 g6 4. f4 Bg7 5. Nf3 0-0 6. Bd3 Nc6 7. e5 dxe5 8. fxe5 Nh5 9. Be3 Bg4 10. Be2 f6 11. e6 f5 12. d5 Nb4 13. Bc4 Bxf3 14. gxf3 Qd6 15. Qd2 f4 16. Bf2 Qe5+ 17. Ne4 Nf6 18. Qxb4 Nxe4 19. fxe4 Qxe4+ 20. Kd2 Bd4 21. Bxd4 Qxd4+ 22. Ke1 b5 23. Qc3 Qe4+ 24. Kf2 bxc4 25. Rad1 f3 0-1

[Event "EU-ch 19th"]
[Site "Batumi"]
[Date "2018.03.26"]
[Round "9"]
[White "Lomaia, Diana"]
[Black "Henseler, Jorgen"]
[Result "1/2-1/2"]
[WhiteElo "1742"]
[BlackElo "2043"]
[PlyCount "125"]
[EventDate "2018.03.17"]
[EventType "swiss"]
[EventRounds "11"]
[EventCountry "GEO"]
[SourceTitle "CBM 184"]
[Source "ChessBase"]
[SourceDate "2018.05.16"]
[SourceVersion "1"]
[SourceVersionDate "2018.05.16"]
[SourceQuality "1"]

1. e4 c5 2. Nf3 d6 3. d4 cxd4 4. Nxd4 Nf6 5. Bd3 g6 6. c4 Bg7 7. Nc3 0-0 8. 0-0 Nc6 9. Nxc6 bxc6 10. Qe2 Nd7 11. f4 Rb8 12. Be3 c5 13. Rac1 Bb7 14. b3 Bc6 15. Nd5 Re8 16. f5 e6 17. fxe6 fxe6 18. Nf4 Qe7 19. Bd2 Ne5 20. Bc3 Rf8 21. Bc2 Rbd8 22. Rcd1 Nd7 23. Bxg7 Kxg7 24. Qg4 Rde8 25. Rd2 Ne5 26. Qg3 Kh8 27. Rdf2 Rf7 28. Nd3 Rxf2 29. Rxf2 Nxd3 30. Qxd3 e5 31. Rd2 Rd8 32. Qf3 Rf8 33. Qe3 Rf6 34. Rf2 Rxf2 35. Qxf2 Kg7 36. Qd2 Qh4 37. g3 Qd8 38. Kf1 Qb8 39. a3 Bd7 40. Qa5 Bh3+ 41. Ke1 Qb6 42. Qb5 Kf8 43. Qxb6 axb6 44. Kd2 Ke7 45. Ke3 Bd7 46. Bd3 g5 47. Be2 h6 48. Kd2 Bc6 49. Bf3 Kf6 50. Kc3 Ke7 51. b4 cxb4+ 52. axb4 Kf6 53. b5 Bd7 54. Kd2 Ke7 55. Ke3 Kf6 56. Kf2 Be6 57. Be2 Ke7 58. g4 Kf6 59. Kg3 Bf7 60. h4 Be6 61. h5 Ke7 62. Bd3 Bd7 63. Be2 1/2-1/2

[Event "EU-ch 19th"]
[Site "Batumi"]
[Date "2018.03.18"]
[Round "2"]
[White "Nesterov, Arseniy"]
[Black "Henseler, Jorgen"]
[Result "1/2-1/2"]
[WhiteElo "2388"]
[BlackElo "2043"]
[PlyCount "58"]
[EventDate "2018.03.17"]
[EventType "swiss"]
[EventRounds "11"]
[EventCountry "GEO"]
[SourceTitle "CBM 184"]
[Source "ChessBase"]
[SourceDate "2018.05.16"]
[SourceVersion "1"]
[SourceVersionDate "2018.05.16"]
[SourceQuality "1"]

1. d4 Nf6 2. c4 g6 3. Nc3 Bg7 4. e4 d6 5. Be2 0-0 6. Bg5 Na6 7. Qd2 e5 8. d5 c6 9. f3 cxd5 10. cxd5 Bd7 11. g4 h6 12. Be3 h5 13. h3 Nc5 14. b4 Na4 15. Nxa4 Bxa4 16. Bd3 Nxd5 17. exd5 e4 18. Bg5 Qd7 19. fxe4 Bxa1 20. gxh5 Rac8 21. Ne2 Bb5 22. Bh6 Bxd3 23. Qxd3 Bg7 24. Bxg7 Kxg7 25. Qd4+ f6 26. Rg1 Qxh3 27. Rxg6+ Kh7 28. Rg3 Qh1+ 29. Kd2 Rc7 1/2-1/2

[Event "Groningen op-A 55th"]
[Site "Groningen"]
[Date "2017.12.28"]
[Round "7"]
[White "Henseler, Jorgen"]
[Black "Damen, Jip"]
[Result "0-1"]
[WhiteElo "2051"]
[BlackElo "2105"]
[PlyCount "114"]
[EventDate "2017.12.22"]
[EventType "swiss"]
[EventRounds "9"]
[EventCountry "NED"]
[SourceTitle "CBM 182 Extra"]
[Source "ChessBase"]
[SourceDate "2018.02.23"]
[SourceVersion "1"]
[SourceVersionDate "2018.02.23"]
[SourceQuality "1"]

1. e4 c5 2. Nf3 Nc6 3. d4 cxd4 4. Nxd4 Qb6 5. Nb3 Nf6 6. Nc3 e6 7. Be3 Qc7 8. f3 Bb4 9. Qd2 d5 10. a3 Bxc3 11. Qxc3 dxe4 12. fxe4 0-0 13. Bd3 Ng4 14. Bd2 Qd6 15. Rf1 Nce5 16. h3 Nxd3+ 17. Qxd3 Qxd3 18. cxd3 Ne5 19. Bc3 Ng6 20. d4 Rd8 21. 0-0-0 Bd7 22. Rde1 b6 23. Rf2 Rac8 24. Kb1 Bc6 25. Nd2 Rc7 26. Re3 h6 27. Rg3 Be8 28. Re3 Ne7 29. Rg3 Ng6 30. Re3 f6 31. Rg3 Kh7 32. Re3 Ne7 33. Nf3 Bg6 34. Nh4 Nd5 35. Re1 Nxc3+ 36. bxc3 Rxc3 37. Kb2 Rc4 38. Nf3 Rdc8 39. Rd2 b5 40. Ree2 b4 41. Rd3 a5 42. axb4 Rb8 43. Rb3 a4 44. Rc3 Rcxb4+ 45. Ka3 Bh5 46. Rd2 Bg6 47. Re2 Rb1 48. Ka2 a3 49. Nd2 R1b4 50. Nb3 e5 51. dxe5 fxe5 52. Kxa3 Rxe4 53. Rce3 Reb4 54. Nc5 R4b5 55. Rxe5 Ra8+ 56. Na4 Rxe5 57. Rxe5 Bc2 0-1

[Event "Groningen op-A 55th"]
[Site "Groningen"]
[Date "2017.12.22"]
[Round "1"]
[White "Wempe, Joost"]
[Black "Henseler, Jorgen"]
[Result "1/2-1/2"]
[WhiteElo "2314"]
[BlackElo "2051"]
[PlyCount "60"]
[EventDate "2017.12.22"]
[EventType "swiss"]
[EventRounds "9"]
[EventCountry "NED"]
[SourceTitle "CBM 182 Extra"]
[Source "ChessBase"]
[SourceDate "2018.02.23"]
[SourceVersion "1"]
[SourceVersionDate "2018.02.23"]
[SourceQuality "1"]

1. d4 Nf6 2. c4 g6 3. Nc3 Bg7 4. e4 d6 5. Nf3 0-0 6. Be2 e5 7. 0-0 Nc6 8. d5 Ne7 9. b4 Nh5 10. Re1 f5 11. Ng5 Nf6 12. Bf3 c6 13. Qb3 h6 14. Ne6 Bxe6 15. dxe6 Qc8 16. c5 fxe4 17. cxd6 exf3 18. dxe7 Re8 19. Bb2 Rxe7 20. Rxe5 Qc7 21. Ree1 fxg2 22. f3 Rf8 23. Na4 Nd5 24. Bxg7 Kxg7 25. Kxg2 Rf5 26. Re4 Kh7 27. Kh1 Rh5 28. Qb2 Qg3 29. Rg1 Qh3 30. Qf2 Rg5 1/2-1/2

[Event "Hoogeveen op 21st"]
[Site "Hoogeveen"]
[Date "2017.10.28"]
[Round "9"]
[White "Henseler, Jorgen"]
[Black "Pajeken, Jakob Leon"]
[Result "0-1"]
[WhiteElo "2026"]
[BlackElo "2203"]
[PlyCount "102"]
[EventDate "2017.10.21"]
[EventType "swiss"]
[EventRounds "9"]
[EventCountry "NED"]
[SourceTitle "CBM 181 Extra"]
[Source "ChessBase"]
[SourceDate "2017.12.12"]
[SourceVersion "1"]
[SourceVersionDate "2017.12.12"]
[SourceQuality "1"]

1. e4 e5 2. Nf3 Nc6 3. Bc4 Bc5 4. b4 Bxb4 5. c3 Be7 6. d4 Na5 7. Be2 d6 8. Qa4+ c6 9. dxe5 dxe5 10. Nxe5 Nf6 11. 0-0 Qc7 12. Nf3 0-0 13. Nbd2 c5 14. Qc2 Nc6 15. a4 Re8 16. Bc4 Bd6 17. Re1 h6 18. h3 Be6 19. Bd3 Nd7 20. Nc4 Nde5 21. Nfxe5 Bxe5 22. Nxe5 Nxe5 23. Be2 Ng6 24. Qd2 Rad8 25. Qe3 Bd5 26. f3 b6 27. Qf2 Bb7 28. g3 Qe5 29. Ra3 Qe6 30. Qf1 Ne5 31. Be3 c4 32. Bd4 Qd6 33. Ra2 Nd3 34. Bxd3 cxd3 35. Kg2 Ba6 36. Rd2 Bc4 37. e5 Qc6 38. Ra1 Rd7 39. Kh2 a6 40. f4 b5 41. axb5 axb5 42. Rb1 f6 43. Qf2 fxe5 44. Bxe5 Ra8 45. Qg2 Bd5 46. Qf2 Be4 47. Qe3 Ra4 48. Bd4 Qd5 49. Rdb2 b4 50. Rxb4 Rxb4 51. Rxb4 Qa2+ 0-1

[Event "Hoogeveen op 21st"]
[Site "Hoogeveen"]
[Date "2017.10.24"]
[Round "5"]
[White "Vroombout, Enrico"]
[Black "Henseler, Jorgen"]
[Result "1/2-1/2"]
[WhiteElo "2133"]
[BlackElo "2026"]
[PlyCount "110"]
[EventDate "2017.10.21"]
[EventType "swiss"]
[EventRounds "9"]
[EventCountry "NED"]
[SourceTitle "CBM 181 Extra"]
[Source "ChessBase"]
[SourceDate "2017.12.12"]
[SourceVersion "1"]
[SourceVersionDate "2017.12.12"]
[SourceQuality "1"]

1. d4 Nf6 2. c4 g6 3. Nc3 Bg7 4. e4 d6 5. Nf3 0-0 6. Be2 e5 7. 0-0 Nc6 8. d5 Ne7 9. Ne1 Nd7 10. Nd3 f5 11. Bd2 Nf6 12. f3 f4 13. c5 g5 14. Rc1 Ng6 15. cxd6 cxd6 16. Nf2 Rf7 17. Qb3 h5 18. h3 Bf8 19. Nb5 Nh4 20. Rc2 Ne8 21. Rfc1 b6 22. a4 Rg7 23. Be1 Rb8 24. a5 a6 25. Na3 b5 26. Rc6 Nf6 27. Qc2 Bd7 28. Rxa6 g4 29. fxg4 hxg4 30. Qc7 gxh3 31. Qxd8 Rxd8 32. Nxh3 Nxg2 33. Kh2 Ne3 34. Bh4 Be7 35. Bxf6 Rg2+ 36. Kh1 Bxf6 37. Rxd6 Be7 38. Rxd7 Rxd7 39. Bxb5 Ra7 40. Nc4 Rg3 41. Rg1 Rxg1+ 42. Nxg1 Bc5 43. Nxe3 fxe3 44. b4 Rh7+ 45. Kg2 Rg7+ 46. Kf3 Bxb4 47. Ne2 Bxa5 48. Kxe3 Kf8 49. Kf3 Rf7+ 50. Kg4 Ke7 51. Ba6 Kd6 52. Bc8 Rf2 53. Ng3 Rf4+ 54. Kg5 Kc7 55. Bf5 Bb4 1/2-1/2

[Event "Hoogeveen op 21st"]
[Site "Hoogeveen"]
[Date "2017.10.23"]
[Round "3"]
[White "Weihrauch, Jakob"]
[Black "Henseler, Jorgen"]
[Result "1/2-1/2"]
[WhiteElo "1901"]
[BlackElo "2026"]
[PlyCount "68"]
[EventDate "2017.10.21"]
[EventType "swiss"]
[EventRounds "9"]
[EventCountry "NED"]
[SourceTitle "CBM 181 Extra"]
[Source "ChessBase"]
[SourceDate "2017.12.12"]
[SourceVersion "1"]
[SourceVersionDate "2017.12.12"]
[SourceQuality "1"]

1. e4 c5 2. Nf3 d6 3. d4 cxd4 4. Nxd4 Nf6 5. Nc3 a6 6. h3 e6 7. g4 Be7 8. g5 Nfd7 9. h4 b5 10. a3 Nb6 11. Bg2 Bb7 12. Qe2 N8d7 13. f4 Qc7 14. h5 0-0-0 15. Bh3 Kb8 16. Bd2 Nc4 17. 0-0-0 Nxd2 18. Qxd2 Nc5 19. Qe3 g6 20. hxg6 hxg6 21. Bg4 Rde8 22. Nf3 Rc8 23. Rxh8 Rxh8 24. Qd4 Rd8 25. Kb1 Bc6 26. Re1 Qb7 27. Re3 d5 28. exd5 Bxd5 29. Nxd5 Rxd5 30. Qh8+ Rd8 31. Qe5+ Bd6 32. Qf6 Rd7 33. Qh8+ Qc8 34. Qd4 Qd8 1/2-1/2

[Event "Delft Prinsenstad op 10th"]
[Site "Delft"]
[Date "2017.04.16"]
[Round "5"]
[White "Henseler, Jorgen"]
[Black "Nguyen, Kevin"]
[Result "1-0"]
[WhiteElo "2050"]
[BlackElo "2143"]
[PlyCount "70"]
[EventDate "2017.04.14"]
[EventType "swiss"]
[EventRounds "6"]
[EventCountry "NED"]
[SourceTitle "CBM 177 Extra"]
[Source "ChessBase"]
[SourceDate "2017.04.27"]
[SourceVersion "1"]
[SourceVersionDate "2017.04.27"]
[SourceQuality "1"]

1. e4 c5 2. Nf3 d6 3. d4 cxd4 4. Nxd4 Nf6 5. Nc3 g6 6. Be3 Bg7 7. f3 Nc6 8. Qd2 0-0 9. Bc4 Bd7 10. 0-0-0 Rb8 11. Bb3 Na5 12. Kb1 b5 13. Bh6 Nc4 14. Bxc4 bxc4 15. Bxg7 Kxg7 16. h4 Qb6 17. b3 h5 18. g4 Qc5 19. g5 Ng8 20. f4 Rfc8 21. Nde2 a5 22. Qd4+ Kf8 23. Qxc5 Rxc5 24. Rd4 Bc6 25. Rhd1 Ke8 26. Kb2 Rb4 27. Nd5 Rb7 28. Ne3 Bb5 29. Nc3 Ba6 30. e5 cxb3 31. cxb3 Rd7 32. Ne4 Rc6 33. exd6 Kf8 34. f5 exd6 35. f6 Ke8 1-0

[Event "Delft Prinsenstad op 10th"]
[Site "Delft"]
[Date "2017.04.15"]
[Round "4"]
[White "Henseler, Jorgen"]
[Black "Barendse, Ted"]
[Result "1-0"]
[WhiteElo "2050"]
[BlackElo "2188"]
[PlyCount "123"]
[EventDate "2017.04.14"]
[EventType "swiss"]
[EventRounds "6"]
[EventCountry "NED"]
[SourceTitle "CBM 177 Extra"]
[Source "ChessBase"]
[SourceDate "2017.04.27"]
[SourceVersion "1"]
[SourceVersionDate "2017.04.27"]
[SourceQuality "1"]

1. e4 e5 2. Nf3 Nc6 3. Bc4 Nf6 4. Ng5 d5 5. exd5 Na5 6. Bb5+ c6 7. dxc6 bxc6 8. Bd3 h6 9. Ne4 Nd5 10. 0-0 Be7 11. Re1 0-0 12. Nbc3 f5 13. Ng3 f4 14. Nge4 f3 15. g3 Bh3 16. Re3 Qd7 17. Rxf3 Rxf3 18. Qxf3 Rf8 19. Qd1 Bb4 20. Bf1 Bg4 21. Be2 Bh3 22. Bf1 Bg4 23. Be2 Bf5 24. d3 Nb7 25. Bd2 Qf7 26. Qf1 Ba5 27. Nxd5 Bxd2 28. Ndf6+ Kh8 29. Nxd2 Qxf6 30. Bf3 Nc5 31. Ne4 Bxe4 32. Bxe4 Na4 33. Rb1 Rb8 34. Qg2 c5 35. b3 Nc3 36. Re1 Rf8 37. a4 Qb6 38. Re3 Qa5 39. Rf3 Rd8 40. Rf7 Ne2+ 41. Kf1 Nd4 42. f3 Qc3 43. Qf2 a5 44. Kg2 Nxc2 45. Rc7 Nd4 46. Qe3 Nxb3 47. Bd5 Nd4 48. Qxe5 Nb5 49. Qxc3 Nxc3 50. Rxc5 Nxd5 51. Rxa5 Nc3 52. Rc5 Nxa4 53. Rc7 Rxd3 54. Ra7 Nc5 55. Ra2 Kh7 56. Rc2 Ne6 57. Re2 Nd4 58. Rf2 Kg6 59. f4 Kf5 60. Ra2 Rb3 61. Ra5+ Kg4 62. h3# 1-0

[Event "Hoogeveen Unive op 20th"]
[Site "Hoogeveen"]
[Date "2016.10.16"]
[Round "2"]
[White "De Jong, Migchiel"]
[Black "Henseler, Jorgen"]
[Result "1-0"]
[WhiteElo "2330"]
[BlackElo "2053"]
[PlyCount "53"]
[EventDate "2016.10.15"]
[EventType "swiss"]
[EventRounds "9"]
[EventCountry "NED"]
[SourceTitle "EXT 2017"]
[Source "ChessBase"]
[SourceDate "2016.10.25"]
[SourceVersion "1"]
[SourceVersionDate "2016.10.25"]
[SourceQuality "1"]

1. Nf3 g6 2. e4 Bg7 3. d4 d6 4. Be2 Nf6 5. Nc3 0-0 6. 0-0 c6 7. Re1 Nbd7 8. Bf4 Qa5 9. Nd2 b5 10. e5 Ne8 11. a4 b4 12. Nc4 Qd8 13. Na2 d5 14. Nxb4 dxc4 15. Nxc6 Qb6 16. Nxe7+ Kh8 17. Bg4 f5 18. Bf3 Bb7 19. a5 Qb5 20. a6 Bxf3 21. Qxf3 Nc7 22. e6 Nxe6 23. Rxe6 Qxb2 24. Rae1 Qxd4 25. Rd6 Qc3 26. Qxc3 Bxc3 27. Rxd7 1-0

[Event "Hoogeveen Unive op 20th"]
[Site "Hoogeveen"]
[Date "2016.10.15"]
[Round "1"]
[White "Henseler, Jorgen"]
[Black "Schoppen, Casper"]
[Result "1/2-1/2"]
[WhiteElo "2053"]
[BlackElo "2304"]
[PlyCount "53"]
[EventDate "2016.10.15"]
[EventType "swiss"]
[EventRounds "9"]
[EventCountry "NED"]
[SourceTitle "EXT 2017"]
[Source "ChessBase"]
[SourceDate "2016.10.25"]
[SourceVersion "1"]
[SourceVersionDate "2016.10.25"]
[SourceQuality "1"]

1. e4 e5 2. Nf3 Nc6 3. Bc4 Nf6 4. Ng5 d5 5. exd5 Na5 6. Bb5+ c6 7. dxc6 bxc6 8. Bd3 Nd5 9. h4 Be7 10. Qf3 Bxg5 11. hxg5 Qxg5 12. Rh5 Qe7 13. b3 g6 14. Ba3 Qe6 15. Rh4 f5 16. Nc3 Bd7 17. 0-0-0 0-0-0 18. Ra4 Nb7 19. Ba6 Nc7 20. Bc4 Qf6 21. Rxa7 Kb8 22. Qe3 Bc8 23. Qb6 Na8 24. Qa6 Nc7 25. Qb6 Na8 26. Qa6 Nc7 27. Qb6 1/2-1/2

[Event "Hoogeveen Unive op 19th"]
[Site "Hoogeveen"]
[Date "2015.10.22"]
[Round "7"]
[White "Henseler, Jorgen"]
[Black "Klapwijk, Bram"]
[Result "0-1"]
[WhiteElo "2069"]
[BlackElo "2151"]
[PlyCount "66"]
[EventDate "2015.10.17"]
[EventType "swiss"]
[EventRounds "9"]
[EventCountry "NED"]
[SourceTitle "EXT 2017"]
[Source "ChessBase"]
[SourceDate "2016.10.25"]
[SourceVersion "1"]
[SourceVersionDate "2016.10.25"]
[SourceQuality "1"]

1. c4 Nf6 2. Nc3 d5 3. cxd5 Nxd5 4. g3 g6 5. Bg2 Nxc3 6. bxc3 Bg7 7. Nf3 0-0 8. 0-0 c5 9. Rb1 Nc6 10. Qa4 Qc7 11. d4 Bd7 12. Bf4 e5 13. dxe5 Qa5 14. Qxa5 Nxa5 15. Nd2 b6 16. Bxa8 Rxa8 17. Rbd1 Bh3 18. Rfe1 Nc6 19. Nf3 h6 20. Rd6 Rc8 21. Red1 g5 22. Be3 Be6 23. a3 g4 24. Nh4 Bxe5 25. Bxh6 Bxd6 26. Rxd6 Ne5 27. Bc1 Bc4 28. Nf5 Re8 29. e3 Kf8 30. Kg2 Bd3 31. Rf6 Nd7 32. Rxf7+ Kxf7 33. Nd6+ Ke7 0-1

[Event "Hoogeveen Unive op 19th"]
[Site "Hoogeveen"]
[Date "2015.10.20"]
[Round "5"]
[White "Henseler, Jorgen"]
[Black "Schoehuys, Erik"]
[Result "1/2-1/2"]
[WhiteElo "2069"]
[BlackElo "2182"]
[PlyCount "187"]
[EventDate "2015.10.17"]
[EventType "swiss"]
[EventRounds "9"]
[EventCountry "NED"]
[SourceTitle "EXT 2017"]
[Source "ChessBase"]
[SourceDate "2016.10.25"]
[SourceVersion "1"]
[SourceVersionDate "2016.10.25"]
[SourceQuality "1"]

1. c4 e5 2. Nc3 Nf6 3. Nf3 Nc6 4. g3 Bc5 5. Bg2 d6 6. 0-0 a6 7. e3 Ba7 8. h3 0-0 9. d4 Re8 10. b3 Rb8 11. dxe5 Nxe5 12. Nxe5 Rxe5 13. Bb2 Re8 14. Qc2 Nd7 15. Nd5 Ne5 16. Rad1 Bd7 17. Kh2 c6 18. Nf4 Qf6 19. Qd2 Rbd8 20. Qxd6 Ng4+ 21. hxg4 Qxb2 22. Rd2 Bc5 23. Rxb2 Bxd6 24. Bf3 Bb4 25. Rd1 Bc8 26. Nd3 Ba3 27. Rbd2 Kf8 28. Nf4 Rxd2 29. Rxd2 Ke7 30. Kg2 Bd7 31. Kf1 a5 32. Ke2 Ra8 33. Kd3 Bb4 34. Rb2 Rd8 35. Ke2 Bc8 36. Nd3 Ba3 37. Rd2 Rd6 38. Nf4 h6 39. Rxd6 Bxd6 40. Nd3 b5 41. cxb5 cxb5 42. Kd2 Be6 43. Kc3 Kd7 44. Kc2 g5 45. Kc3 Be7 46. Kc2 Kd6 47. e4 Bf6 48. Be2 Bd4 49. f4 f6 50. Kd2 Bd7 51. Bf3 b4 52. Be2 Bc6 53. Bf3 Be8 54. Be2 Bg6 55. Bf3 Bh7 56. Ke2 Bg8 57. Kd2 Bc3+ 58. Ke2 Bh7 59. Kd1 Bg6 60. Kc2 Be8 61. Be2 Bd4 62. Kd2 Bc6 63. Bf3 Ke7 64. Bg2 Bb5 65. Bf1 Bg1 66. Ke2 Kd6 67. Kf3 Bd4 68. Be2 Bc6 69. Bf1 Bd7 70. Be2 Bc6 71. Bd1 Bc3 72. Ke3 a4 73. Kf3 a3 74. Ke3 Bd7 75. Be2 Be8 76. Bd1 Bf7 77. Bc2 Be6 78. Bd1 Bd7 79. Be2 Be6 80. Bd1 Kc6 81. Kf3 Kb5 82. Ke3 Ka5 83. Nc5 Bc8 84. Nd3 Kb5 85. Be2 Kc6 86. Bf3 Kd6 87. Be2 Bd7 88. Bf3 Bb5 89. Be2 Ba6 90. Bd1 Bc8 91. Bf3 Be6 92. Bd1 Bf7 93. Kf2 Be6 94. Ke3 1/2-1/2

[Event "Amsterdam Science Park op-A"]
[Site "Amsterdam"]
[Date "2015.07.11"]
[Round "1"]
[White "Henseler, Jorgen"]
[Black "Kevlishvili, Robby"]
[Result "0-1"]
[WhiteElo "2103"]
[BlackElo "2355"]
[PlyCount "56"]
[EventDate "2015.07.11"]
[EventType "swiss"]
[EventRounds "9"]
[EventCountry "NED"]
[SourceTitle "CBM 167 Extra"]
[Source "ChessBase"]
[SourceDate "2015.09.14"]
[SourceVersion "1"]
[SourceVersionDate "2015.09.14"]
[SourceQuality "1"]

1. d4 d5 2. c4 c6 3. Nf3 Nf6 4. Nc3 e6 5. Bg5 h6 6. Bh4 dxc4 7. e4 g5 8. Bg3 b5 9. Be2 Bb7 10. 0-0 Nbd7 11. Ne5 h5 12. Nxd7 Qxd7 13. Be5 Rh6 14. Qc1 Ng4 15. Bxg4 hxg4 16. Rd1 Be7 17. Qe3 Rd8 18. b3 b4 19. Na4 f6 20. Bg3 e5 21. d5 cxd5 22. exd5 c3 23. Qxa7 Qc7 24. Rac1 f5 25. f3 f4 26. Be1 Ra6 27. Qf2 Rxa4 28. d6 Rxd6 0-1

[Event "EU-ch 16th"]
[Site "Jerusalem"]
[Date "2015.03.02"]
[Round "6"]
[White "Henseler, Jorgen"]
[Black "Cohen, Itay"]
[Result "1-0"]
[WhiteElo "2123"]
[BlackElo "1871"]
[PlyCount "71"]
[EventDate "2015.02.24"]
[EventType "swiss"]
[EventRounds "11"]
[EventCountry "ISR"]
[SourceTitle "CBM 166"]
[Source "ChessBase"]
[SourceDate "2015.05.11"]
[SourceVersion "1"]
[SourceVersionDate "2015.05.11"]
[SourceQuality "1"]

1. d4 Nf6 2. c4 g6 3. Nc3 Bg7 4. e4 0-0 5. Nf3 d6 6. Be2 e5 7. 0-0 Nc6 8. d5 Ne7 9. b4 Ne8 10. Re1 h6 11. c5 f5 12. Nd2 Nf6 13. f3 f4 14. Nc4 g5 15. a4 h5 16. Ba3 Ne8 17. a5 Rf6 18. b5 b6 19. cxb6 cxb6 20. Bb4 Rb8 21. axb6 axb6 22. Ra7 Rg6 23. Na4 Bd7 24. Naxb6 Rxb6 25. Ba5 Nc8 26. Ra6 g4 27. Nxb6 Nxb6 28. Bxb6 Qh4 29. Bf1 gxf3 30. Bf2 Qg4 31. Ra3 fxg2 32. Be2 Qg5 33. b6 Qd8 34. b7 Qb8 35. Qb3 Nc7 36. Ba7 1-0